000 00441nam a2200193Ia 4500
005 20240823022949.0
008 240823s9999||||xx |||||||||||||| ||und||
020 _a0-00-777356-7
041 _aENGLISH
082 _A823 N7
100 _a"Archer,Jeffrey"
245 4 _aThe Fourth Estate
250 _a1st
260 _c1997
_b"HarperCollins,L"
_aLondon
500 _aYES
650 _aNovel
_bEnglish
942 _cBK
999 _c180417
_d180417